[Event "Hammamet Carthage op 1st"]
[Site "Hammamet"]
[Date "2015.10.06"]
[Round "3"]
[White "Smida, Tahar"]
[Black "Mejri, Moncef"]
[Result "1-0"]
[WhiteElo "1800"]
[BlackElo "1405"]
[PlyCount "45"]
[EventDate "2015.10.04"]
[EventType "swiss"]
[EventRounds "9"]
[EventCountry "TUN"]
[SourceTitle "CBM 168 Extra"]
[Source "ChessBase"]
[SourceDate "2015.10.29"]
[SourceVersion "1"]
[SourceVersionDate "2015.10.29"]
[SourceQuality "1"]

1. e4 c5 2. Nf3 Nc6 3. c3 d6 4. Bc4 e6 5. d4 cxd4 6. cxd4 Qc7 7. Na3 a6 8. 0-0 g6 9. Be3 Bg7 10. Rc1 Qd7 11. d5 Na5 12. dxe6 fxe6 13. Bd4 e5 14. Bc3 Nc6 15. Bxg8 Rxg8 16. Nc4 Qd8 17. Nxd6+ Ke7 18. Nxc8+ Rxc8 19. Qb3 Bh6 20. Rcd1 Qc7 21. Qd5 Rcd8 22. Qc5+ Kf6 23. Bxe5+ 1-0

[Event "TUN-ch"]
[Site "Hammamet"]
[Date "2013.03.20"]
[Round "6"]
[White "Smida, Tahar"]
[Black "Matoussi, Wael"]
[Result "1-0"]
[WhiteElo "1770"]
[BlackElo "1912"]
[PlyCount "45"]
[EventDate "2013.03.16"]
[EventType "swiss"]
[EventRounds "9"]
[EventCountry "TUN"]
[SourceTitle "CBM 153 Extra"]
[Source "ChessBase"]
[SourceDate "2013.04.22"]
[SourceVersion "1"]
[SourceVersionDate "2013.04.22"]
[SourceQuality "1"]

1. e4 d5 2. exd5 Qxd5 3. Nc3 Qa5 4. d4 c6 5. Nf3 Nf6 6. Bd3 g6 7. Bd2 Qc7 8. Qe2 Bg4 9. h3 Bxf3 10. Qxf3 Nbd7 11. 0-0 Bg7 12. Rfe1 e6 13. Bf4 Qb6 14. d5 Nxd5 15. Nxd5 cxd5 16. Qxd5 0-0-0 17. Qc4+ Qc5 18. Qa4 a6 19. Re4 Nb6 20. Qb3 Bd4 21. Rxd4 Rxd4 22. Be3 Qd6 23. Qc3+ 1-0

[Event "TUN-ch"]
[Site "Hammamet"]
[Date "2013.03.18"]
[Round "4"]
[White "Zaghouani, Adel"]
[Black "Smida, Tahar"]
[Result "1/2-1/2"]
[WhiteElo "1801"]
[BlackElo "1770"]
[PlyCount "94"]
[EventDate "2013.03.16"]
[EventType "swiss"]
[EventRounds "9"]
[EventCountry "TUN"]
[SourceTitle "CBM 153 Extra"]
[Source "ChessBase"]
[SourceDate "2013.04.22"]
[SourceVersion "1"]
[SourceVersionDate "2013.04.22"]
[SourceQuality "1"]

1. e4 c6 2. d4 d5 3. f3 Nf6 4. e5 Nfd7 5. Bd3 e6 6. f4 c5 7. c3 Nc6 8. Nf3 Qb6 9. Bc2 cxd4 10. cxd4 Nb4 11. Bb3 Qa6 12. Kf2 Nd3+ 13. Kg3 h5 14. h4 Be7 15. Nc3 Nb6 16. Bc2 Nb4 17. Bb1 Bd7 18. a3 Nc4 19. b3 Nb6 20. Bb2 Nc6 21. Bd3 Qa5 22. b4 Bxb4 23. axb4 Qxb4 24. Nb5 Qxb2 25. Nc7+ Ke7 26. Nxa8 Rxa8 27. Rb1 Qc3 28. Rb3 Qa5 29. Qb1 Nb8 30. Qc1 Na6 31. Qb2 Qa4 32. Ra1 Qc6 33. Qa3+ Ke8 34. Bxa6 bxa6 35. Qxa6 Nc4 36. Qxc6 Bxc6 37. Ra6 Kd7 38. Kf2 Kc7 39. Ng5 Bb7 40. Ra2 a5 41. g3 Rf8 42. Rb5 Bc6 43. Rbxa5 Nxa5 44. Rxa5 Kb6 45. Rc5 Bd7 46. Nf3 Ra8 47. Rc3 Ka5 1/2-1/2